000
00302nam a22001337a 4500
008
170614b xxu||||| |||| 00| 0 eng d
020
_a
9781580630849
041
_a
eng
080
_a
32
100
_a
19
101
_a
SHP
245
_a
THE BEST GUIDE TO AMERICAN POLITCS
_c
WALDMAN,T
942
_2
udc
_c
BK
999
_c
17285
_d
17285